Aspectos legales del periodismo, la obra audiovisual y el documental periodístico /
Guardado en:
| Autor Principal: | |
|---|---|
| Otros Autores: | , |
| Formato: | Libro |
| Idioma: | Spanish |
| Publicado: |
Sáenz Peña :
Eduntref,
2015.
|
| Edición: | 1a. ed. |
| Materias: | |
| Etiquetas: |
Agregar Etiqueta
Sin Etiquetas, Sea el primero en etiquetar este registro!
|
| LEADER | 00730nam a22001935a 4500 | ||
|---|---|---|---|
| 001 | DER.der014200 | ||
| 008 | 191001s2015####ag#######b####000#0#spa#d | ||
| 005 | 20260224101210.0 | ||
| 245 | 1 | 0 | |a Aspectos legales del periodismo, la obra audiovisual y el documental periodístico / |c Juan Félix Memelsdorff y Alejo Barrenechea ; con la colaboración de Francisco J. de Zavalía. |
| 250 | |a 1a. ed. | ||
| 260 | |a Sáenz Peña : |b Eduntref, |c 2015. | ||
| 300 | |a 134 p. | ||
| 020 | |a 9789871889648 | ||
| 100 | 1 | |a Memelsdorff, Juan Félix. | |
| 700 | 1 | |a Barrenechea, Alejo. | |
| 700 | 1 | |a Zavalía, Francisco J. de, |e col. | |
| 700 | 1 | |a Tcherkaski, Osvaldo, |e prol. | |
| 650 | 7 | |a DERECHO A LA INFORMACION | |
| 859 | |a DERECHO |b BIB. DERECHO |h 346.048 |i MEM |p 009446 | ||
